000 01198nam a2200337 c 4500
999 _c48850
_d48850
001 48850
003 ES-MaCES
005 20170209132726.0
007 cr |||||||||||
008 170208s2016 lu r m000 | spa d
040 _aES-MaCES
_bspa
_cES-MaCES
100 1 _915596
_aJuncker, Jean-Claude
245 1 0 _aRealizar la Unión económica y monetaria europea
_hRecurso electrónico
_cinforme de Jean-Claude Juncker ; en estrecha col. con, Donald Tusk ... [et al.]
260 _a[Bruselas]
_bComisión Europea
_c[2016?]
300 _a1 documento pdf
_c(728 kb)
541 _cGratuito
650 4 _aintegración económica
_927962
650 4 _aunión monetaria
_928170
650 4 _aUEM
_930760
650 4 _apolítica económica
_927025
650 4 _apolítica financiera
_928124
650 4 _apolítica presupuestaria
_930829
650 4 _926752
_aUE
650 4 _930406
_aplan de acción
653 1 0 _aMercado Único Europeo
700 1 _937768
_aTusk , Donald
_ecol.
710 2 _aComisión de las Comunidades Europeas
_92014
856 4 _uhttp://biblioteca.ces.es/repintra/B48850.pdf
_ytexto completo
_z[intranet]
902 _aELE PUB. ELECTRONICA
942 _2CES
_cBK
_h1.0.